Eugene Ionesco y su teatro

Salvato in:
Dettagli Bibliografici
Autore principale: Glukman, Marta (Autore)
Natura: Libro
Lingua:spagnolo
Pubblicazione: Santiago Universitaria 1965
Edizione:1a. ed
Serie:El Espejo de Papel
Soggetti:
Tags: Aggiungi Tag
Nessun Tag, puoi essere il primo ad aggiungerne!!

MARC

LEADER 00000cam a2200000 a 4500
001 UCX2910
003 CL-VaPUC
005 20210921074524.0
008 910905e19650000CL |||||||||||||||||spa|d
999 |c 223817  |d 223815 
040 |c Pontificia Universidad Católica de Valparaíso 
082 0 4 |a 842.09  |b GLU  |2 21 
100 0 |a Glukman, Marta  |e author  |9 319012 
245 1 0 |a Eugene Ionesco y su teatro 
250 |a 1a. ed 
260 |a Santiago  |b Universitaria  |c 1965 
300 |a 160 p 
490 0 |a El Espejo de Papel 
583 |a last modification  |c 20150924 21:40:47  |k Rodrigo Vera 
600 |a Ionesco, Eugène   |d 1909-1994  |9 857967 
650 7 |a TEATRO DEL ABSURDO  |2 CL-VaPUC  |9 318944 
650 0 |a Historia y crítica   |9 257407 
650 0 |a Crítica e interpretación   |9 255042 
852 |a BIBCUR 
942 |c BK  |2 ddc 
945 |d 19910905 00:00:00 
952 |0 0  |1 0  |4 0  |6 842_090000000000000_GLU_1965  |7 0  |8 A  |9 219987  |a BIBEDU  |b BIBEDU  |d 2019-11-15  |i 2886758  |o 842.09 GLU 1965  |p 2886758  |r 2019-11-15  |w 2019-11-15  |y BK  |k LIT